II Semana de biología (Record no. 129967)

MARC details
000 -LEADER
campo de control de longitud fija 00746nam a2200229 i 4500
001 - NÚMERO DE CONTROL
campo de control 129967
003 - IDENTIFICADOR DE NÚMERO DE CONTROL
campo de control ES-MaACL
005 - FECHA Y HORA DE LA ÚLTIMA TRANSACCIÓN
campo de control 20250814033435.0
007 - CAMPO FIJO DE DESCRIPCIÓN FÍSICA--INFORMACIÓN GENERAL
campo de control de longitud fija t|
008 - DATOS DE LONGITUD FIJA--INFORMACIÓN GENERAL
campo de control de longitud fija 070712s1979 sp ||||1| spa d
111 2# - ENTRADA PRINCIPAL--NOMBRE DE CONGRESO/REUNIÓN
Nombre de congreso/reunión o jurisdicción como elemento de entrada Semana de Biología (
Número del congreso/reunión o número de parte o sección 2ª.
Fecha del congreso o de la firma del tratado 1979.
Sede del congreso/Lugar de la reunión Madrid)
9 (RLIN) 983
245 10 - MENCIÓN DEL TÍTULO
Título II Semana de biología
Resto del título : conferencias /
Mención de responsabilidad, etc. Miguel Cordero del Campillos y otros.
260 ## - PUBLICACIÓN, DISTRIBUCIÓN, ETC.
Lugar de publicación, distribución, etc. Madrid :
Nombre del editor, distribuidor, etc. Fundación Juan March,
Fecha de publicación, distribución, etc. [1979]
300 ## - DESCRIPCIÓN FÍSICA
Extensión 2 v. ;
Dimensiones 21 cm.
490 1# - MENCIÓN DE SERIE
Mención de serie Serie universitaria
505 8# - NOTA DE CONTENIDO CON FORMATO
Nota de contenido con formato Contiene: Zoología
650 #7 - PUNTO DE ACCESO ADICIONAL DE MATERIA--TÉRMINO DE MATERIA
Término de materia o nombre geográfico como elemento de entrada Zoología
Fuente del encabezamiento o término embne
9 (RLIN) 17868
700 1# - ENTRADA AGREGADA--NOMBRE PERSONAL
Nombre de persona Cordero del Campillo, Miguel.
9 (RLIN) 40521
830 0# - PUNTO DE ACCESO ADICIONAL DE SERIE-TÍTULO UNIFORME
Título uniforme Serie universitaria
9 (RLIN) 180747
852 ## - LOCALIZACIÓN
Ubicación ES-MaACL
Número de control de estantería A-10003-4
Sublocalización o colección R.99248
Holdings
Estatus retirado Estado de pérdida Estado de daño No para préstamo Biblioteca de origen Biblioteca actual Ubicación en estantería Fecha de adquisición Fuente de adquisición Total de préstamos Signatura topográfica completa Código de barras Visto por última vez Precio de reemplazo Tipo de ítem Koha
        Biblioteca del Ateneo de Madrid Biblioteca del Ateneo de Madrid Depósito 1 17/01/2008     A-10003-4 1135329 23/02/2023 23/02/2023 Libro impreso